000 00942nam a22002651u 4500
001 12300
003 HDC
007 cr bn ---
008 210209p2004 my eng
040 _aHDC
100 _aWahid Said,
_eauthor
_912806
245 0 _aPhysical and milling quality of solar regenerated desiccant dried paddy /
_cby Wahid Said and Ahmad Hajazi Man
260 _aSerdang :
_bMalaysian Agricultural Research and Development Institute (MARDI),
_c2004
300 _a2 pages
336 _atext
_2rdacontent
337 _acomputer
_2rdamedia
338 _aonline resource
_2rdacarrier
650 _aMilling quality
_912835
650 _aPaddy
_98250
650 _aPhysical quality
_912834
856 _zRequest full-text at [email protected]
942 _2lcc
942 _cAR
942 _kJART 003080
999 _c9623
_d9623